Nava Vangmayeen Pravrutti va Prameye (Record no. 363937)

MARC details
000 -LEADER
fixed length control field 004490000a22001690004500
005 - DATE AND TIME OF LATEST TRANSACTION
control field 20120302065121.0
040 ## - CATALOGING SOURCE
Original cataloging agency MAR
100 ## - MAIN ENTRY--PERSONAL NAME
Personal name Jadhav, Ra.Ga.
245 ## - TITLE STATEMENT
Title Nava Vangmayeen Pravrutti va Prameye
250 ## - EDITION STATEMENT
Edition statement 1st
260 ## - PUBLICATION, DISTRIBUTION, ETC. (IMPRINT)
Place of publication, distribution, etc Pune:Continental Prakashan, 1972
300 ## - PHYSICAL DESCRIPTION
Extent 174p
365 ## - TRADE PRICE
Price amount 6/-
490 ## - SERIES STATEMENT
Series statement 604
650 ## - SUBJECT ADDED ENTRY--TOPICAL TERM
Topical term or geographic name as entry element Sankeerna, Miscellaneous, Dalit sahitya, kavyasameeksha, keshavsut, tukaram, subhag ghat
942 ## - ADDED ENTRY ELEMENTS (KOHA)
Koha item type Book
Holdings
Withdrawn status Lost status Damaged status Not for loan Home library Current library Date acquired Total Checkouts Barcode Date last seen Price effective from
        Institute For Oriental Study, Thane Institute For Oriental Study, Thane 12/02/2009   IOS-M 24992 12/02/2009 12/02/2009